Govt. of
Madhya Pradesh

Concise Encyclopedia of United States South Asia Relations (Record no. 41798)

MARC details
000 -LEADER
fixed length control field 003430000a22001450004500
003 - CONTROL NUMBER IDENTIFIER
control field MACL
040 ## - CATALOGING SOURCE
Original cataloging agency MACL
090 ## - LOCALLY ASSIGNED LC-TYPE CALL NUMBER (OCLC); LOCAL CALL NUMBER (RLIN)
-- 42246
-- 42244
100 ## - MAIN ENTRY--PERSONAL NAME
Personal name Kadian, Rajesh
245 ## - TITLE STATEMENT
Title Concise Encyclopedia of United States South Asia Relations
260 ## - PUBLICATION, DISTRIBUTION, ETC. (IMPRINT)
Name of publisher, distributor, etc. Vision Books
Date of publication, distribution, etc. 2009
350 ## - PRICE (NR) (BK AM CF MU VM SE) [OBSOLETE]
Price 595
650 ## - SUBJECT ADDED ENTRY--TOPICAL TERM
Topical term or geographic name as entry element Encyclopaedia
942 ## - ADDED ENTRY ELEMENTS (KOHA)
Koha item type Library Membar
Call number prefix 030/KAD
Holdings
Withdrawn status Lost status Source of classification or shelving scheme Damaged status Not for loan Home library Current library Date acquired Cost, normal purchase price Total Checkouts Full call number Barcode Date last seen Uniform Resource Identifier Price effective from Koha item type
          MACL MACL 15/04/2015 595.00   030/KAD CRE024076 02/05/2024 42066 15/04/2015 Books